| 000 | 00363 a2200157 4500 | ||
|---|---|---|---|
| 001 | 192781 | ||
| 020 | _a978-85-260-2305-5 | ||
| 040 | _cMagnum | ||
| 100 | _aLessa, Origenes | ||
| 240 | 1 | 0 |
_aO 13º trabalho de hércules _lpor |
| 245 | 1 | 0 | _aO 13º trabalho de hércules |
| 300 | _a131 | ||
| 362 | 0 | _a2017 | |
| 697 | _aLITERATURA INFANTO-JUVENIL | ||
| 942 | _cBK | ||
| 999 |
_c192781 _d192781 |
||